Deauthorization of the Cross Florida Barge Canal : (Record no. 529332)

MARC details
000 -LEADER
fixed length control field 01075namaa2200265 a 4500
001 - CONTROL NUMBER
control field vtls001225726
003 - CONTROL NUMBER IDENTIFIER
control field NLI
005 - DATE AND TIME OF LATEST TRANSACTION
control field 20210603172744.0
008 - FIXED-LENGTH DATA ELEMENTS--GENERAL INFORMATION
fixed length control field 120330s1978 dcua i000 0 eng
039 #9 - LEVEL OF BIBLIOGRAPHIC CONTROL AND CODING DETAIL [OBSOLETE]
-- 201203301758
-- VLOAD
040 ## - CATALOGING SOURCE
Original cataloging agency NLI
Transcribing agency VTLS-2012_FOD
Description conventions AACR2
041 0# - LANGUAGE CODE
Language code of text/sound track or separate title eng
044 ## - COUNTRY OF PUBLISHING/PRODUCING ENTITY CODE
MARC country code dcu
082 04 - DEWEY DECIMAL CLASSIFICATION NUMBER
Classification number 343.73
110 1# - MAIN ENTRY--CORPORATE NAME
Corporate name or jurisdiction name as entry element United States.
Subordinate unit Congress.
-- Senate.
-- Committee on Environment and Public Works.
-- Subcommittee on Water Resources
9 (RLIN) 663766
245 10 - TITLE STATEMENT
Title Deauthorization of the Cross Florida Barge Canal :
Remainder of title hearing before the Subcommittee on Water Resources of the Committee on Environment and Public Works, United States Senate, Ninety-fifth Congress, second session, on S. 1592 ... S. 3337 ... July 26, 1978
260 ## - PUBLICATION, DISTRIBUTION, ETC.
Place of publication, distribution, etc. Washington :
Name of publisher, distributor, etc. United States Government Printing Office,
Date of publication, distribution, etc. 1978
300 ## - PHYSICAL DESCRIPTION
Extent iv, 452 p. :
Other physical details ill. ;
Dimensions 24 cm.
500 ## - GENERAL NOTE
General note Serial no. 95-H71
651 #0 - SUBJECT ADDED ENTRY--GEOGRAPHIC NAME
Geographic name Marjorie Harris Carr Cross Florida Greenway (Fla.)
9 (RLIN) 664905
887 ## - NON-MARC INFORMATION FIELD
Content of non-MARC field
901 ## - LOCAL DATA ELEMENT A, LDA (RLIN)
a AD85478
b 18.08.2010
902 ## - LOCAL DATA ELEMENT B, LDB (RLIN)
a U.S 343.73 Us 3 d
942 ## - ADDED ENTRY ELEMENTS (KOHA)
Source of classification or shelving scheme Dewey Decimal Classification
Koha item type Books
Holdings
Withdrawn status Lost status Damaged status Not for loan Collection code Home library Current library Shelving location Date acquired Total Checkouts Full call number Date last seen Price effective from Koha item type
          National Library of India National Library of India       U.S 343.73 Us 3 d 03/06/2021 03/06/2021 Books
                                                                           
web counter

Copyright ©2020 The National Library of India, Govt. of India ↔ Hosted by NVLI, MOC ↔ Technology and Design by National Library of India, Ministry of Culture, Govt. of India